000 00390nam a22001697a 4500
003 UA-OsUOA
001 2488
007 ta
008 20050721b un ||||| |||| 00| 0 ukr d
100 _aChao
700 _aLorraine S.
942 _cBK
040 _aUA-OsUOA
_cUA-OsUOA
_dUA-OsUOA
245 _aLet's go: the budget guide to Italy 1993.
_bCountry Studies
955 _a2
650 7 _2UDC
999 _c288650
_d288650